<?xml version="1.0" encoding="UTF-8"?>
<record
    xmlns:xsi="http://www.w3.org/2001/XMLSchema-instance"
    xsi:schemaLocation="http://www.loc.gov/MARC21/slim http://www.loc.gov/standards/marcxml/schema/MARC21slim.xsd"
    xmlns="http://www.loc.gov/MARC21/slim">

  <leader>01562nas a2200277Ia 4500</leader>
  <controlfield tag="001">L200-55747</controlfield>
  <controlfield tag="003">IT-CnALBA</controlfield>
  <controlfield tag="008">170116c99999999xx ||||||||||||   ||und||</controlfield>
  <datafield tag="040" ind1=" " ind2=" ">
    <subfield code="a">IT-CnALBA</subfield>
    <subfield code="c">IT-CnALBA</subfield>
  </datafield>
  <datafield tag="041" ind1=" " ind2=" ">
    <subfield code="a">ITALIANO</subfield>
  </datafield>
  <datafield tag="100" ind1=" " ind2=" ">
    <subfield code="a">BUCCIARELLI CLAUDIO</subfield>
  </datafield>
  <datafield tag="210" ind1=" " ind2=" ">
    <subfield code="a">RAGAZZI ASPIRANTI</subfield>
  </datafield>
  <datafield tag="222" ind1=" " ind2=" ">
    <subfield code="a">RAGAZZI ASPIRANTI</subfield>
  </datafield>
  <datafield tag="245" ind1=" " ind2="0">
    <subfield code="a">RAGAZZI ASPIRANTI. RIVISTA PER DELEGATI ASPIRANTI GIAC. AGOSTO SETTEMBRE 1958. </subfield>
  </datafield>
  <datafield tag="250" ind1=" " ind2=" ">
    <subfield code="a">1a ed.</subfield>
  </datafield>
  <datafield tag="260" ind1=" " ind2=" ">
    <subfield code="a">ROMA - TREVISO</subfield>
    <subfield code="b">GIAC </subfield>
    <subfield code="c">1958 [1&#xB0; Ed.:1958 - Ed.Ling.Originale: 1958]</subfield>
  </datafield>
  <datafield tag="300" ind1=" " ind2=" ">
    <subfield code="a">40 p. (prefazione: 8)</subfield>
  </datafield>
  <datafield tag="310" ind1=" " ind2=" ">
    <subfield code="a">MENSILE</subfield>
  </datafield>
  <datafield tag="362" ind1=" " ind2=" ">
    <subfield code="a">Fascicolo: 8-9 / Anno: 11 (1958)</subfield>
  </datafield>
  <datafield tag="500" ind1=" " ind2=" ">
    <subfield code="a">RISPOSTE AI LETTORI. EDITORIALE. COLLOQUI COL DELEGATO. LA COMUNIONE. COURTOIS G. L'EDUCATORE E LA FAMIGLIA. PAGINE SCELTE. LA PROMESSA DEGLI ASPIRANTI. PARLARE DI GES&#xD9; AI RAGAZZI. FIORETTI DEL DELEGATO. GIORNATA DI RITIRO. COLLEZIONE DI INSETTI. IL TEMA. LA CASA. COSTRUIRE UN TELEFONO. S. TARCISIO. IL TESSERAMENTO. VIVA IL GREST. CINEMA. </subfield>
  </datafield>
  <datafield tag="501" ind1=" " ind2=" ">
    <subfield code="a">Societ&#xE0; San Paolo EM - Piazza San Paolo, 14 - 12051 ALBA (CN)  (non commercial uses only) &#xAE; Copyright 2017</subfield>
  </datafield>
  <datafield tag="520" ind1=" " ind2=" ">
    <subfield code="a">RISPOSTE AI LETTORI. EDITORIALE. COLLOQUI COL DELEGATO. LA COMUNIONE. COURTOIS G. L'EDUCATORE E LA FAMIGLIA. PAGINE SCELTE. LA PROMESSA DEGLI ASPIRANTI. PARLARE DI GES&#xD9; AI RAGAZZI. FIORETTI DEL DELEGATO. GIORNATA DI RITIRO. COLLEZIONE DI INSETTI. IL TEMA. LA CASA. COSTRUIRE UN TELEFONO. S. TARCISIO. IL TESSERAMENTO. VIVA IL GREST. CINEMA. </subfield>
  </datafield>
  <datafield tag="650" ind1=" " ind2=" ">
    <subfield code="a">RELIGIONE - RELIGIONE CRISTIANA</subfield>
  </datafield>
  <datafield tag="942" ind1=" " ind2=" ">
    <subfield code="c">CR</subfield>
  </datafield>
  <datafield tag="957" ind1=" " ind2=" ">
    <subfield code="7">1</subfield>
  </datafield>
  <datafield tag="999" ind1=" " ind2=" ">
    <subfield code="a">73247</subfield>
    <subfield code="b">NO</subfield>
    <subfield code="g">1</subfield>
    <subfield code="c">334417</subfield>
    <subfield code="d">334417</subfield>
  </datafield>
  <datafield tag="952" ind1=" " ind2=" ">
    <subfield code="0">0</subfield>
    <subfield code="1">0</subfield>
    <subfield code="4">0</subfield>
    <subfield code="6">L_20055747</subfield>
    <subfield code="7">1</subfield>
    <subfield code="a">ALBA</subfield>
    <subfield code="b">ALBA</subfield>
    <subfield code="d">2017-01-16</subfield>
    <subfield code="l">0</subfield>
    <subfield code="o">L200-55747</subfield>
    <subfield code="r">2017-01-16 00:00:00</subfield>
    <subfield code="w">2017-01-16</subfield>
    <subfield code="y">CR</subfield>
    <subfield code="z">(data import: 16 gennaio 2017) - By Epidotti, Vaglietti. </subfield>
  </datafield>
</record>
